000 00619nam a2200169 a 4500
008 120416s1988 ||||||||||||||||| || u
020 _a0201106493
050 _aHG 4011 Cop
100 _aCopeland, Thomas E
245 1 0 _aStudent solutions manual for financial theory and corporate policy
250 _a3rd ed.
260 _aNew York
_bAddison-Wesley
_c1988
350 _a0.00
650 0 _aFINANCE--DEVELOPING COUNTRIES
650 _aCORPORATIONS--FINANCE
995 _D0.00
_FCBU-MAIN LIBRARY (Kitwe)
_H1
_I25.95
_M1
_UAVAILABLE
_ZMain Library Open Access Collection
999 _c58750
_d58750